00189nam a2200073Ia 4500008004100000082002000041245003100061300002300092230907s9999||||xx |||||||||||||| ||und|| a352.630954bGOV 0aGovernance in South Asia : axviii, 293 pages ;